Countries That Start with E with Hints - Statistics

General Stats
  • This quiz has been taken 32 times
  • The average score is 7 of 9
Answer Stats
Hint Answer % Correct
Associated with pyramids Egypt
100%
Its capital starts with a Q Ecuador
82%
In North America El Salvador
79%
Recently changed its name Eswatini
79%
Called Viro in Finnish Estonia
75%
Borders 3 countries that start with S Ethiopia
75%
Independent from the above Eritrea
68%
Has another country's name inside Equatorial Guinea
64%
Not independent in 2000 East Timor
61%
No matching quizzes found
Score Distribution
Percent of People with Each Score
Percentile by Number Answered
Your Score History
You have not taken this quiz